000 00337nam a22001697a 4500
003 UA-OsUOA
001 5566
007 ta
008 20050721b un ||||| |||| 00| 0 ukr d
100 _aPlakhotnik
700 _aV. M.
942 _cBK
040 _aUA-OsUOA
_cUA-OsUOA
_dUA-OsUOA
245 _aEnglish 9
955 _a2
650 7 _2UDC
999 _c291728
_d291728